Germany : Financial Sector Assessment Program-Technical Note-Stress Testing, Interconnectedness, and Risk Analysis.

The financial sector weathered COVID relatively well on the back of high pre-crisis capital and liquidity buffers, strong public and private sector balance sheets, and unprecedented public and ECB support. Immediate risks to Germany's financial stability of Russia's invasion of Ukraine app...

Szczegółowa specyfikacja

Opis bibliograficzny
Korporacja: International Monetary Fund. Monetary and Capital Markets Department
Format: Czasopismo
Język:English
Wydane: Washington, D.C. : International Monetary Fund, 2022.
Seria:IMF Staff Country Reports; Country Report ; No. 2022/272
Hasła przedmiotowe:
Dostęp online:Full text available on IMF
LEADER 02149cas a2200289 a 4500
001 AALejournalIMF023053
008 230101c9999 xx r poo 0 0eng d
020 |c 20.00 USD 
020 |z 9798400218019 
022 |a 1934-7685 
040 |a BD-DhAAL  |c BD-DhAAL 
110 2 |a International Monetary Fund.  |b Monetary and Capital Markets Department. 
245 1 0 |a Germany :   |b Financial Sector Assessment Program-Technical Note-Stress Testing, Interconnectedness, and Risk Analysis. 
264 1 |a Washington, D.C. :  |b International Monetary Fund,  |c 2022. 
300 |a 1 online resource (104 pages) 
490 1 |a IMF Staff Country Reports 
500 |a <strong>Off-Campus Access:</strong> No User ID or Password Required 
500 |a <strong>On-Campus Access:</strong> No User ID or Password Required 
506 |a Electronic access restricted to authorized BRAC University faculty, staff and students 
520 3 |a The financial sector weathered COVID relatively well on the back of high pre-crisis capital and liquidity buffers, strong public and private sector balance sheets, and unprecedented public and ECB support. Immediate risks to Germany's financial stability of Russia's invasion of Ukraine appear to be manageable due to the banks' limited direct exposures to Russia. However, risks associated with the economic fallout could impact some individual financial institutions, non-performing loans, and house prices. Real GDP growth was projected to regain momentum from mid-2022 onwards, but the war could hinder the recovery through supply constraints, higher-than-expected above-target inflation (with higher energy prices and supply constraints), a tightening of financial conditions, and shifts in investors' confidence. 
538 |a Mode of access: Internet 
650 7 |a International Agreements and Observance  |2 imf 
650 7 |a International Organizations  |2 imf 
650 7 |a Monetary Policy  |2 imf 
651 7 |a Germany  |2 imf 
830 0 |a IMF Staff Country Reports; Country Report ;  |v No. 2022/272 
856 4 0 |z Full text available on IMF  |u https://elibrary.imf.org/openurl?genre=journal&issn=1934-7685&volume=2022&issue=272  |z IMF e-Library